Government purchasing in Europe North America and Japan

Uloženo v:
Podrobná bibliografie
Médium: Kniha
Jazyk:Undetermined
Vydáno: Paris OECD 1966
Témata:
Tagy: Přidat tag
Žádné tagy, Buďte první, kdo otaguje tento záznam!
Thư viện lưu trữ: Trung tâm Học liệu Trường Đại học Cần Thơ
LEADER 00418nam a2200145Ia 4500
001 CTU_77807
008 210402s9999 xx 000 0 und d
082 |a 327.1 
082 |b G721 
245 0 |a Government purchasing in Europe North America and Japan 
260 |a Paris 
260 |b OECD 
260 |c 1966 
650 |a Government purchasing,Public contracts 
980 |a Trung tâm Học liệu Trường Đại học Cần Thơ